| 000 | 02083cam a22004454i 4500 | ||
|---|---|---|---|
| 003 | PE-LiUPU | ||
| 005 | 20250731172907.0 | ||
| 008 | 170127s2013 txt r b 001 0 spa d | ||
| 020 | _a0802872727 | ||
| 020 | _a9780802872722 | ||
| 035 | _a(Sirsi) a166608 | ||
| 040 | _aPE-LiUPU | ||
| 049 | _aPRUA | ||
| 082 | 0 | 4 |
_a230 _bT47 _223 |
| 245 | 1 | 2 |
_aSystematic theology _c Anthony C. Thiselton. |
| 264 |
_aGrand Rapids, Michigan ǂb Eerdmans Publishing Company _c2015. |
||
| 300 |
_a453 páginas; _c25 centimetros |
||
| 336 |
_atext _2rdacontent |
||
| 337 |
_aunmediated _2rdamedia |
||
| 338 |
_avolume _2rdacarrier |
||
| 505 | 0 | 4 | _aIn this concise, one-volume systematic theology, celebrated scholar Anthony Thiselton covers the various Christian doctrines comprehensively with an eye to practical application for Christian discipleship. Written with students and busy ministers in mind, the book is readable and accessible, with its chapters organized into five fairly equal sections for teaching and learning convenience. Rather than setting out an abstract system, Thiselton explores theology as a living, organic whole. The book thus includes biblical foundations, historical thought, contemporary writers, and practical implications. Expertly incorporating biblical exegesis, philosophy, conceptual grammar, and hermeneutics, this volume is the most succinct multidisciplinary systematic theology available. |
| 526 | _aSEG42 | ||
| 526 | _aSEG41 | ||
| 526 | _aSEG40 | ||
| 526 | _aSEG39 | ||
| 526 | _aP94 | ||
| 526 | _aP87 | ||
| 526 | _aP86 | ||
| 526 | _aP85 | ||
| 526 | _aP77 | ||
| 526 | _aP76 | ||
| 526 | _aP35 | ||
| 650 | 0 | 4 | _aVocación |
| 700 | 0 | 4 |
_aKathleen A. Cahalan _eeditor. |
| 700 | 1 |
_aDouglas J. Schuurman _eeditor. |
|
| 596 | _a1 | ||
| 942 |
_2ddc _cBOOK |
||
| 999 |
_a230 T47 _wLC _c15345 _i75297 _d15345 _e2019-5-19 _f2021-11-9 _g5 _lCCODEBUL1 _mBUL _n2 _p28.62 _q2 _r0 _sY _tBOOK _u2017-1-27 _xTEOLOGIA _PP85 _0COMPRA _o.STAFF. Colección Teología |
||
| 980 |
_81 _gALBERTO SANCHEZ Responsable de Automatización |
||